Official history of the Indian armed forces in the second world war 1939-45 / (Record no. 91702)

MARC details
000 -LEADER
fixed length control field 00822nam a22002297a 4500
005 - DATE AND TIME OF LATEST TRANSACTION
control field 20150323152212.0
010 ## - LCCN (DPL NO)
LC control number ENG-112225-226
020 ## - INTERNATIONAL STANDARD BOOK NUMBER
International Standard Book Number 9788182746602(set)
020 ## - INTERNATIONAL STANDARD BOOK NUMBER
International Standard Book Number 9788182747777
Terms of availability 990.00
020 ## - INTERNATIONAL STANDARD BOOK NUMBER
International Standard Book Number 9788182747807
Terms of availability 990.00
035 ## - SYSTEM CONTROL NUMBER
System control number EN-95757-758
037 ## - SOURCE OF ACQUISITION
Source of stock number/acquisition DBAD/PUB
082 ## - DEWEY DECIMAL CLASSIFICATION NUMBER
Classification number 355.033054
245 ## - TITLE STATEMENT
Title Official history of the Indian armed forces in the second world war 1939-45 /
Statement of responsibility, etc edited by Bisheshwar Prasad
260 ## - PUBLICATION, DISTRIBUTION, ETC. (IMPRINT)
Place of publication, distribution, etc New Delhi
Name of publisher, distributor, etc Pentagon Press
Date of publication, distribution, etc 2014(repr.)
270 ## - ADDRESS
Address 206 Peacock Lane, Shahpur Jat,
City New Delhi
Postal code 110049
300 ## - PHYSICAL DESCRIPTION
Extent 2V.(xxxiv,500p. ; xxv,699p.)
Dimensions 25cm(Hb)
500 ## - GENERAL NOTE
General note Includes index
505 ## - FORMATTED CONTENTS NOTE
Formatted contents note V.1-The retreat from Burma 1941-42 ; V.2-The campaign in Italy 1943-45
700 ## - ADDED ENTRY--PERSONAL NAME
Personal name Bisheshwar Prasad
942 ## - ADDED ENTRY ELEMENTS (KOHA)
Source of classification or shelving scheme Dewey Decimal Classification
Item type English Books
Call number suffix OFF
Classification part 355.033054
Holdings
Withdrawn status Lost status Materials specified (bound volume or other part) Not for loan Collection code Home library Current library Date acquired Source of acquisition Cost, normal purchase price Full call number Barcode Copy number Cost, replacement price Koha item type
    v.1 Not For Loan Non-fiction D.B.Act.Division D.B.Act.Division 23/02/2015 DBAD/PUB 990.00 355.033054 OFF EN-95757 1 990.00 English Books
    v.2 Not For Loan Non-fiction D.B.Act.Division D.B.Act.Division 23/03/2015 DBAD/PUB 990.00 355.033054 OFF EN-95758 1 990.00 English Books

© Delhi Public Library
Hit Counter
free hit counter